Statistics for Кариби / Мали Антили квиз мапа

Click here to take the quiz!

General Stats

  • This quiz has been taken 155 times
  • The average score is 5 of 19

Answers on the Map

Answers color-coded by a green-red scale on the quiz's map according to % correct below.
 

Answer Stats

Answer% Correct
Тринидад и Тобаго
51%
Барбадос
45%
Доминика
35%
Света Луција
35%
Аруба (Холандија)
34%
Америчка Девичанска Острва
34%
Сент Винсент и
Гренадини
34%
Гренада
32%
Бонер (Холандија)
29%
Британска Девичанска Острва
28%
Антигва и Барбуда
27%
Курасао (Холандија)
23%
Гваделуп (Француска)
22%
Свети Мартин
(Француска/Холандија)
19%
Мартиник (Француска)
18%
Монтсерат (УК)
18%
Ангиља (УК)
18%
Сент Китс и Невис
15%
Сен Бартелеми (Француска)
6%

Score Distribution

Percentile by Number Answered

Percent of People with Each Score

Your Score History

You have not taken this quiz